Results through relationships : building trust, performance, and profit through people
The "Student Study Guide" will discuss learning styles and help the student decide what their learning style is. Each chapter will have a chapter summary, additional glossary terms and equations, list of steps for solving problem types in the chapter and extended problem solving analysis
Sparad:
| Huvudupphovsman: | |
|---|---|
| Materialtyp: | Bok |
| Språk: | Undetermined |
| Publicerad: |
Hoboken, N.J.
Wiley
2008
|
| Ämnen: | |
| Taggar: |
Lägg till en tagg
Inga taggar, Lägg till första taggen!
|
| Thư viện lưu trữ: | Trung tâm Học liệu Trường Đại học Cần Thơ |
|---|
| LEADER | 00919nam a2200217Ia 4500 | ||
|---|---|---|---|
| 001 | CTU_164644 | ||
| 008 | 210402s9999 xx 000 0 und d | ||
| 020 | |c 24.95 | ||
| 082 | |a 650.13 | ||
| 082 | |b T136 | ||
| 100 | |a Takash, Joe | ||
| 245 | 0 | |a Results through relationships : | |
| 245 | 0 | |b building trust, performance, and profit through people | |
| 245 | 0 | |c Joe Takash | |
| 260 | |a Hoboken, N.J. | ||
| 260 | |b Wiley | ||
| 260 | |c 2008 | ||
| 520 | |a The "Student Study Guide" will discuss learning styles and help the student decide what their learning style is. Each chapter will have a chapter summary, additional glossary terms and equations, list of steps for solving problem types in the chapter and extended problem solving analysis | ||
| 650 | |a Psychology, Industrial,Interpersonal relations,Quan hệ quốc tế | ||
| 910 | |a Nguyên | ||
| 980 | |a Trung tâm Học liệu Trường Đại học Cần Thơ | ||